|
|
|
|
| LEADER |
00000cam a2200000 7i4500 |
| 001 |
0000007004 |
| 002 |
000007541 |
| 005 |
20000330.0 |
| 020 |
|
|
|a 983891164X
|
| 090 |
0 |
0 |
|a JF
|b JAM
|
| 100 |
0 |
|
|a Jamilah Alias
|
| 245 |
1 |
0 |
|a Bukan salahku
|c Jamilah Alias
|
| 260 |
|
|
|a Kuala Lumpur :
|b Penerbit Orkid ,
|c 1996
|
| 300 |
|
|
|a 60p. :
|b ill. ;
|c 18cm.
|
| 490 |
0 |
|
|a Siri antologi cerpen melati
|
| 650 |
0 |
0 |
|a Children's stories, Malay
|
| 999 |
|
|
|a 053162
|b BUKU
|c PINJAMAN
|e PERPUSTAKAAN KOMUNITI PETALING JAYA
|
| 999 |
|
|
|a 054444
|b BUKU
|c PINJAMAN
|e PERPUSTAKAAN KOMUNITI CAW KOTA DAMANSARA
|
| 999 |
|
|
|a 054445
|b BUKU
|c PINJAMAN
|e PERPUSTAKAAN KOMUNITI CAW KOTA DAMANSARA
|